000 01423cam a22004337a 4500
003 CHAP
005 20220817043308.0
008 971013s1993 r 00010 d
010 _a70943
011 _a71915
035 _a81469
040 _cCHAP
082 _a631.5
_bF33 1993 v.3
110 _aFAO
245 0 _aFarm management research for small farmer development
250 _aEd. rev.
260 _aRome :
_bFAO,
_c1993
300 _a302 p.
_b; gráfs.
410 _aFAO
490 0 _aGestión de sistemas de explotación agrícola
_v; 6
590 _aBATCH-UPD
_b10
_c20130110
_lUCH01
_h0040
590 _aBATCH-UPD
_b10
_c20130110
_lUCH01
_h0956
590 _aBATCH-UPD
_b10
_c20130409
_lUCH01
_h2025
590 _aBATCH-UPD
_b10
_c20130410
_lUCH01
_h0608
590 _aBATCH-UPD
_b10
_c20130914
_lUCH01
_h1155
590 _aBATCH-UPD
_b10
_c20140805
_lUCH01
_h1146
590 _aCONVERSION
_b10
_c20130109
_lUCH01
_h1339
650 1 4 _aAgricultura
_xInvestigación.
_91577
650 1 4 _aDesarrollo rural.
_932067
650 1 4 _aMujer en comunidades rurales.
_979360
650 1 4 _aSistemas de cultivo.
_9106746
700 0 _aDillon, John L.
_932591
700 0 _aHardaker, J. Brian.
_952628
810 0 _aFAO
830 0 0 _aGestión de sistemas de explotación agrícola
_v; 6
_947804
901 _aBK
942 _cLIBRO
949 _a631.5 F33 1993 v.6
_bBC
_cFAO
_d33724000734596
_eFAO1
_h86546
_i81469
_kDonaciØn
_sb
999 _c70943
_d70943